00875nam a22001817a 4500003000900000008004100009020001800050040007100068082001800139100002700157245007500184260006500259300002800324505029400352650002300646650001300669650001100682AR-CdUCM190307b ||||| |||| 00| 0 spa d a84-89292-77-9 aMUNICIPALIDAD PROVINCIAL DEL CUSCOcBIBLIOTECA MUNICIPAL DEL CUSCO a279.85 /bK59 aKlaiber S. J., Jeffrey aLa iglesia en el Perú :bSu historia social desde la Independencia / aLima :bPontificia Universidad Católica del Perú,c1987. a530 páginas ;c20 cm. aContenido: Una visión panorámica -- Una iglesia en crisis -- La iglesia militante -- El resurgimiento de la vida Religiosa: pastores, misioneros y hospitalarios -- El resurgimiento de la vida: las congregaciones docentes -- La iglesia en el campo -- El laicado militante, 1930-1955 ... aIglesia Católica aHistoria aPerú